Poesía

محفوظ في:
التفاصيل البيبلوغرافية
المؤلف الرئيسي: Góngora, Luis de
التنسيق: كتاب
اللغة:Undetermined
منشور في: Zaragoza, España Ebro 1962
الموضوعات:
الوسوم: إضافة وسم
لا توجد وسوم, كن أول من يضع وسما على هذه التسجيلة!

MARC

LEADER 00000nam a2200000Ia 4500
008 170316s9999 xx 000 0 und d
040 |a cru BVZT 
090 |a 862 G-31po 
100 |a Góngora, Luis de 
245 |a Poesía 
260 |a Zaragoza, España  |b Ebro  |c 1962 
300 |a 126 páginas 
650 |a LITERATURA ESPAÑOLA 
942 |c 15 D 
999 |c 9918  |d 9918